000 00677nam a2200241 4500
001 11578
003 ES-MaACL
005 20260525062923.0
007 t|
008 000000s19860000sp ||||0| spa d
016 7 _zIBH8605114024
020 _a84-239-1672-3
040 _aIBH
_bspa
_cM-BN-DP
080 _a860-4"19"
100 1 _aLaín Entralgo, Pedro,
_d1908-2001
_969681
245 1 0 _aTeatro del mundo /
_cPedro Laín Entralgo.
260 _aMadrid :
_bEspasa-Calpe,
_cD.L. 1986.
300 _a347 p ;
_c17 cm.
490 1 _aColección austral ;
_v1672
830 0 _aColección austral
_v1672
_9177655
852 _aES-MaACL
_jL-18878
_bR.124671
999 _c11578
_d11578